|
|
|
|
| LEADER |
00000cam a2200000 a 4500 |
| 001 |
vtls001467826 |
| 003 |
SK-MaSNL |
| 005 |
20260302085047.0 |
| 008 |
240314s1964 xx 0 und |
| 035 |
|
|
|a SNK000423131
|
| 040 |
|
|
|a SNK
|b slo
|c SNK
|e AACR2
|
| 041 |
|
|
|a slo
|
| 044 |
|
|
|a xo
|c SK
|
| 100 |
1 |
|
|a Feňarová, Magda
|4 aut
|9 754949
|
| 245 |
1 |
0 |
|a Spišské prešporstvo
|b Stredoveké listiny 1248 - 1526
|c Magda Feňarová
|
| 250 |
|
|
|a 1. vyd.
|
| 260 |
|
|
|a Bratislava
|b Slovenská archívna správa
|c 1964
|
| 300 |
|
|
|a 161 s.
|
| 490 |
|
|
|a Inventáre a katalógy fondov štátnych archívov na Slovensku
|
| 610 |
2 |
|
|a Rímskokatolícka cirkev.
|b Spišské prepošstvo (Slovensko)
|2 SNKPH
|9 93269
|
| 830 |
|
0 |
|a Inventáre a katalógy fondov štátnych archívov na Slovensku
|9 307603
|
| 852 |
|
|
|a Štátna vedecká knižnica v Banskej Bystrici
|
| 958 |
|
|
|a OND
|
| 999 |
|
|
|c 1190521
|d 1192451
|
| 952 |
|
|
|t P60, <04>, [BOOK], {604}
|a SNK
|b SNK
|y VYP
|7 0
|p 17A0413607
|o snkSB 10751 D1
|i snkKSP 3436/64
|0 0
|1 0
|4 0
|d 2004-02-05
|l 0
|r 2005-01-02 00:00:00
|w 2026-02-24
|
| 952 |
|
|
|a SNK
|b SNK
|y PREZ
|7 0
|p 17A0780168
|o snkSB 10751
|0 0
|1 0
|4 0
|d 2012-08-02
|l 0
|r 2025-03-05 00:00:00
|w 2026-02-24
|